| 000 | 00580nam a2200217 a 4500 | ||
|---|---|---|---|
| 005 | 20140311161034.0 | ||
| 008 | 110106s19uu xx 00 eng d | ||
| 020 | _a9789712356841 | ||
| 050 |
_aLB 2369 _b.B428 2010 |
||
| 100 | _aBelen, Jose Alejandro. | ||
| 245 |
_aThesis writing primer / _cJose Alejandro R. Belen. |
||
| 260 |
_aQuezon City : _bRex Bookstore, _c2010. |
||
| 300 |
_a69 p. : _bill. ; _c25 cm. |
||
| 521 | _aEDU | ||
| 650 | _aResearch. | ||
| 650 | _aThesis writing. | ||
| 942 |
_cBK _2lcc _kLOC |
||
| 999 |
_c24271 _d24271 |
||